=LDR 00000nam 2200000 4500 =001 INLIS000000000010813 =005 20130612102428 =008 ***********************************Ind** =035 ##$$0010-061300000010813 =041 ##$$a Ind =082 ##$$a 410 =090 ##$$a 410, Mul K =100 ##$$a Muliono, Anton M =245 ##$$a Kembara bahasa, kumpulan karangan terbesar, Anton M.Nouliono =260 ##$$a 1989 $b Jakarta =300 ##$$a X,241 hlm, 21 cm =650 ##$$a Bahasa Indonesia =650 ##$$a Kumpulan karangan =850 ##$$a NBPNMAT